000 00830nab a2200241 u 4500
001 16363
003 HDC
007 cr bn ---aaaaa
008 210220c20110929xx dr|noo 0 a eng d
040 _aHDC
245 0 _aIndonesia: Halal Certification by MUI Gaining Increasing Appreciation Worldwide
260 _a[No place] :
_b[publisher not identified],
_c2011
336 _atext
_2rdacontent
337 _acomputer
_2rdamedia
338 _aonline resource
_2rdacarrier
650 _aHalal Certification
_zIndonesia
_97402
650 _aIslamic Shariah
_916208
710 _aHalal Focus
856 _zRequest full-text at [email protected]
942 _2lcc
942 _cNEWS
942 _kNWSO 005683
999 _c13679
_d13679